| 000 | 00409nam a2200169Ia 4500 | ||
|---|---|---|---|
| 003 | 0STCL | ||
| 008 | 150530s9999 xx 000 0 und d | ||
| 040 |
_aSTCL _cSTCL |
||
| 100 | _aDobzhansky Theodosius | ||
| 245 | _aGenetics and the origin of species | ||
| 250 | _aThird | ||
| 260 |
_bOxford University press _c1964 |
||
| 546 | _aEnglish | ||
| 942 |
_2ddc _cBK |
||
| 999 |
_c35453 _d35453 |
||
| 005 | 20220125170346.0 | ||